000 00222 a2200097 4500
001 34940
100 _aHiro Dilip
245 _aInside the Middle East
260 _aLondon
_bRoutlege & Kegan Paul
_c
090 _c23103
_d23103
942 _aNUST-CAE
_cM
_c14563
999 _c270013
_d270013